| 000 | 00000nam 2200000zi 4500 |
| 001 | 9.888856 |
| 003 | CaOODSP |
| 005 | 20221107172119 |
| 006 | m o d f |
| 007 | cr cn||||||||| |
| 008 | 200702s2020 onca o f000 0 eng d |
| 020 | |a9780660354507 |
| 040 | |aCaOODSP|beng|erda|cCaOODSP |
| 043 | |an-cn--- |
| 086 | 1 |aNR16-324/2020E-PDF |
| 245 | 00|aEvaluation of the Automotive and Surface Transportation (AST) Research Centre : |bNRC-evaluation. |
| 264 | 1|a[Ottawa] : |bNational Research Council Canada = Conseil national de recherches Canada, |c[2020] |
| 300 | |a1 online resource (1 unnumbered page) : |billustrations |
| 336 | |atext|btxt|2rdacontent |
| 337 | |acomputer|bc|2rdamedia |
| 338 | |aonline resource|bcr|2rdacarrier |
| 500 | |aCaption title. |
| 500 | |aIssued also in HTML format. |
| 500 | |aIssued also in French under title: Évaluation du Centre de recherche sur l'automobile et les transports de surface (ATS) : évaluation-CNRC. |
| 520 | |a"AST supports the advanced manufacturing and ground transportation sectors to identify, develop and apply relevant science and technology that will ensure Canada’s continued prosperity through revolutions in these sectors"--Page [1]. |
| 650 | 0|aAutomobile industry and trade|xResearch|zCanada|xEvaluation. |
| 650 | 0|aVehicles|xResearch|zCanada|xEvaluation. |
| 710 | 2 |aNational Research Council Canada, |eissuing body. |
| 775 | 08|tÉvaluation du Centre de recherche sur l'automobile et les transports de surface (ATS) : |w(CaOODSP)9.888855 |
| 856 | 40|qPDF|s119 Ko|uhttps://publications.gc.ca/collections/collection_2021/cnrc-nrc/NR16-324-2020-eng.pdf |
| 856 | 4 |qHTML|sN/A|uhttps://nrc.canada.ca/en/corporate/planning-reporting/summary-evaluation-automotive-surface-transportation-research-centre |